00706nam a2200241 a 4500001001300000003000900013005001700022008004100039020001000080082002100090100002800111245001900139260004200158300001000200500003500210505001000245650002900255700002800284902000800312942000700320952012200327999001500449nice12345678IN_TiNIC20260116012459.0050524s1948 kura grp 000 0 tel  ac10000a297.1225827bABD aAbdul, Ghafoor Mohammad aQuran Shareef. aKurnoolbIslamia Arabic Collegec1948 a926p. aincludes index and biblioraphy2 aindex aQuran-Translation-Telugu1 aAbdul, Ghafoor Mohammad bSRS cBK 001040708StackRoom-aHMIbHMId2007-07-31g100.00l0o297.1225827 ABDp014200r2007-07-31v100.00w2005-05-24yBK c7170d7170